000 00781cam a2200217 4500
001 J100210
008 000000n1998 000 0 eng u
035 _a(Sirsi) u100210
041 _aENG
110 _aJoint Contracts Tribunal
_93664
245 _aAgreement for minor building works 1998 edition. Amendment MW1, Construction Industry Scheme (CIS).
260 _aLondon
_bRIBA Publications
_c1998
300 _a4p. ; 30cm.
490 _aJCT Agreement for Minor Building Works 1998 Edition
_vAmendment 1
650 _aJCT STANDARD FORM OF BUILDING CONTRACT 1998
650 _aMINOR WORKS
650 _aJCT MINOR WORKS AGREEMENT 1998
650 _aJCT AGREEMENT FOR MINOR BUILDING WORKS (1998 EDITION)
690 _aBUILT ENVIRONMENT-BUILDING CONTRACT FORMS
942 _n0
999 _c99650
_d99650